000
00300nam a2200121Ia 4500
008
191201s2006 xx 000 0 und d
100
_a
WILLIS, Thearon
245
0
_a
Beginning VB Net 2003
260
_a
N.Delhi
_b
Wiley Dreautech India
_c
2006
300
_a
820
650
_a
B.Tech(IT)
942
_2
ddc
_c
BK
999
_c
3111
_d
3111